Coal technology 86 (Record no. 15015)

MARC details
000 -LEADER
fixed length control field 00177nam a22000977a 4500
082 ## - DEWEY DECIMAL CLASSIFICATION NUMBER
Classification number 622.334IPI
100 ## - MAIN ENTRY--AUTHOR NAME
Personal name IPI
245 ## - TITLE STATEMENT
Title Coal technology 86
300 ## - PHYSICAL DESCRIPTION
Number of Pages 522
942 ## - ADDED ENTRY ELEMENTS (KOHA)
Koha item type Books
Holdings
Withdrawn status Lost status Collection code Home library Current library Date acquired Full call number Accession Number Koha item type
    Reference Reference Section Reference Section 28/12/2015 622.334IPI (Shelf - 68D) 12631 Books
    Reference Central Library, QUEST, Nawabshah Stacks area 28/12/2015 622.334IPI 12630 Books